CARDIOVASCULAR HEALTH AND DISEASE IN WOMEN (Record no. 14835)

MARC details
000 -LEADER
fixed length control field 00267nam a22001097a 4500
003 - CONTROL NUMBER IDENTIFIER
control field SGT
082 ## - DEWEY DECIMAL CLASSIFICATION NUMBER
Classification number 616.120
Item number C02D
100 ## - MAIN ENTRY--PERSONAL NAME
Personal name DOUGLAS, PAMELA S.
245 ## - TITLE STATEMENT
Title CARDIOVASCULAR HEALTH AND DISEASE IN WOMEN
260 ## - PUBLICATION, DISTRIBUTION, ETC. (IMPRINT)
Place of publication, distribution, etc PHILADELPHIA
Name of publisher, distributor, etc SUNDERS
Year of Publication 2002
942 ## - ADDED ENTRY ELEMENTS (KOHA)
Source of classification or shelving scheme Dewey Decimal Classification
Koha item type Books
Holdings
Withdrawn status Lost status Source of classification or shelving scheme Damaged status Not for loan Collection code Home library Current library Shelving location Date acquired Vendor Name SGTU Total Checkouts Full call number Accession No. (Barcode) Date last seen Bill Date Koha item type
    Dewey Decimal Classification     MEDICAL SGT Medical Library SGT Medical Library Reference Book 29/01/2018 ABC SGTU   616.120 C02D FM9690 29/01/2018 29/01/2018 Books